| 000 | 01666nam a2200313 i 4500 | ||
|---|---|---|---|
| 001 | 768714001 | ||
| 003 | CO-MdFUSB | ||
| 005 | 20210529101337.0 | ||
| 007 | ta | ||
| 008 | 200522t2001 ck |||| |||| 00| 0 spa d | ||
| 020 | _a9588061709 | ||
| 040 |
_aCO-MdFUSB _bspa _cCO-MdFUSB _dCO-MdFUSBC _erda |
||
| 041 | _aspa | ||
| 082 |
_223 _a306.0986 _bOS83 |
||
| 100 |
_aOspina, William. _eautor |
||
| 245 | 4 |
_aLos nuevos centros de la esfera _c/ William Ospina |
|
| 264 | 1 |
_aBogotá, Colombia : _bAguilar, _c[2001] |
|
| 264 | 4 | _c©2001 | |
| 300 |
_c262 páginas ; _a22 cm |
||
| 336 |
_2rdacontent _atexto _btxt |
||
| 337 |
_2rdamedia _asin mediación _bn |
||
| 338 |
_2rdacarrier _avolumen _bnc |
||
| 505 | _aPrólogo - El surgimiento del globo - La nueva cara del planeta latino - La revolución de la alegría - Reflexiones sobre el periodismo y estética - Porvenir y cultura - El arado y la estrella - Si huyen de mí, yo soy las alas - Lo que nos deja el siglo XX | ||
| 520 | _aEste es uno de los desvelos científicos, José Arcadio Buendía descubrió que la tierra era redonda como una naranja, pero nadie en su aldea quiso creer semejante delirio. Los pueblos americanos fuimos el primer fruto de eso que ahora se la la globalización, pero no acabamos de creer que el fenómeno existía. Esta dificultad sin embargo, afecta a todos en todas partes. Quienes padecen los males de un planta integrado pero injusto, no creen tener derechos de reclamar; quienes se benefician de un intercambio desigual, no creen tener responsabilidades planetarias... | ||
| 563 | _aRústico | ||
| 650 | 0 |
_2embne _95 _aSociología de la cultura |
|
| 942 | _cBK | ||
| 945 | _aDani | ||
| 999 |
_c65899 _d65899 |
||